[Event "Vienna Chess Open 2013"]
[Site "Großer Festsaal im Wiener Rathaus, 1010 Wien"]
[Date "2013.08.17"]
[Round "1.20"]
[White "Dehmel, Jens"]
[Black "Arkell, Keith"]
[Result "1/2-1/2"]
[BlackElo "2091"]
[WhiteElo "2444"]

1.d4 Nf6 3.c4 e6 5.Nc3 Bb4 7.Qc2 c5 9.dxc5 Na6 11.a3 Qa5 13.Bd2 Nxc5 15.Rd1 Bxc3 17.Bxc3
Qa4 19.Qxa4 Nxa4 21.Bd4 b6 23.b3 Nc5 25.b4 Na4 27.f3 Ba6 29.e4 Rc8 31.b5 Bb7 33.e5
Ng8 35.Bd3 Ne7 37.Ne2 Nf5 39.Bxf5 exf5 41.Rc1 Nc5 43.Rc3 Ne6 45.Be3 Ke7 47.Nd4 g6
49.Nxe6 Kxe6 51.Bd4 f4 53.Kf2 g5 55.Rhc1 g4 57.c5 gxf3 59.gxf3 bxc5 61.Rxc5 a6 63.Rxc8
Bxc8 65.b6 Bb7 67.Rc7 Rb8 69.a4 a5 71.Rc5 Ra8 73.Bc3 Bd5 75.Rxa5 Rc8 77.Bd2 Rc2 79.Ke1
Rb2 81.Rb5 Rxb5 83.axb5 Kxe5 85.Kf2 Bb7 87.Bc3+ Kd5 89.Bd2 Kc5 91.Bxf4 Kxb6 93.Ke3
Kxb5 95.Be5 Kc4 97.Bf6 Kd5 99.Bc3 Ke6 101.Kf4 Bc6 103.Bb2 Ba4 105.Bc3 Kd5 107.Ke3
Bd1 109.Bb2 Ba4 111.Bc3 Kc4 113.Bf6 Kb3 115.Be5 Kc2 117.Bf6 Bb5 119.Bg7 Kd1 121.Bc3
Bf1 123.Ba5 Bg2 125.Bb4 h5 127.h4 d5 129.Ba5 f5 131.f4 Bh1 133.Ke4 1/2-1/2

[Event "Vienna Chess Open 2013"]
[Site "Großer Festsaal im Wiener Rathaus, 1010 Wien"]
[Date "2013.08.17"]
[Round "1.29"]
[White "Sanal, Vahap"]
[Black "Schnabel, Andreas"]
[Result "1/2-1/2"]
[BlackElo "2421"]
[WhiteElo "2084"]

1.e4 c5 3.Nf3 d6 5.d4 cxd4 7.Nxd4 Nf6 9.Nc3 g6 11.Be3 Bg7 13.f3 O-O 15.Qd2 Nc6 17.O-O-O
Qa5 19.h4 Nxd4 21.Bxd4 Be6 23.a3 Rfc8 25.g4 Rab8 27.h5 b5 29.hxg6 fxg6 31.g5 Nh5 33.Bxg7
Kxg7 35.Qd4+ Kg8 37.Nd5 Rb7 39.Bd3 Rc5 41.f4 Bxd5 43.exd5 b4 45.a4 Qxa4 47.Rxh5 gxh5
49.g6 h6 51.Bf5 Rxc2+ 53.Bxc2 Rc7 55.b3 Qxb3 57.Qb2 Qe3+ 59.Kb1 Qxf4 61.Qd4 Qxd4 63.Rxd4
a5 65.Rf4 Rc3 67.Kb2 Re3 69.Rf7 Re2 71.Kc1 h4 73.Rf3 Re1+ 75.Kd2 Re5 77.Bb3 Kg7 79.Rf4
Kxg6 81.Rxh4 Kg5 83.Rh1 h5 85.Kd3 Kf4 87.Ke4+ 1/2-1/2